MARC

LEADER 00000nam0a2200000 4500
001 356149
005 20231102010851.0
035 |a (RuTPU)RU\TPU\retro\13409 
090 |a 356149 
100 |a 20200716d1973 km y0rusy50 ca 
101 0 |a rus 
102 |a RU 
105 |a a z 001zy 
200 1 |a Методы расчета сейсмических волн в тонкослоистых средах  |f Л. И. Ратникова  |g Академия наук СССР, Институт физики Земли им. О. Ю. Шмидта 
210 |a Москва  |c Наука  |d 1973 
215 |a 124 с.  |c ил. 
320 |a Библиогр.: с. 119-122 
606 1 |a Сейсмические волны  |x Распространение в слоистых средах  |2 stltpush  |3 (RuTPU)RU\TPU\subj\54358  |9 72515 
610 1 |a тонкослоистые периодические среды 
610 1 |a расчеты 
610 1 |a методы 
610 1 |a сейсмические поля 
610 1 |a спектры 
610 1 |a вертикально-неоднородные среды 
610 1 |a ЭВМ 
610 1 |a программы 
610 1 |a примеры 
675 |a 550.347  |v 4 
700 1 |a Ратникова  |b Л. И.  |g Людмила Ивановна 
712 0 2 |a Академия наук СССР  |b Институт физики Земли им. О. Ю. Шмидта  |c (Москва)  |c (1956-1991)  |2 stltpush  |3 (RuTPU)RU\TPU\col\209  |9 23276 
801 1 |a RU  |b 63413507  |c 20200716 
801 2 |a RU  |b 63413507  |c 20210316  |g RCR 
942 |c BK